Manažerská psychologie /

Hlavní autor: Franková, Emilie, 1949-
Jazyk: Čeština
Vydáno: Brno : Vysoké učení technické, 1996
Vydání: Vyd. 1.
Edice: Učební texty vysokých škol
Témata:
Fyzický popis: 105 s. ; 29 cm
Knihy
Uloženo v:
LEADER 01578nam a2200433 a 4500
001 000069262
003 CZ BrMZK
005 20080609103140.0
007 ta
008 950313s1996 xr e p cze d
015 |a cnb000138283 
020 |a 80-214-0752-2 
035 |a (OCoLC)37673417 
040 |a BOA001  |b cze 
080 |a 005.32  |2 MRF 
080 |a 159.923.5  |2 MRF 
080 |a 159.923  |2 MRF 
080 |a 316.46/.47  |2 MRF 
080 |a (075.8)  |2 MRF 
100 1 |a Franková, Emilie,  |d 1949-  |7 mzk2006343068  |4 aut 
245 1 0 |a Manažerská psychologie /  |c Emílie Franková 
250 |a Vyd. 1. 
260 |a Brno :  |b Vysoké učení technické,  |c 1996 
300 |a 105 s. ;  |c 29 cm 
490 1 |a Učební texty vysokých škol 
504 |a Obsahuje bibliografii 
650 0 7 |a psychologie řízení  |7 ph136831  |2 czenas 
650 0 7 |a sebevýchova  |7 ph125456  |2 czenas 
650 0 7 |a osobnost  |7 ph115614  |2 czenas 
650 0 7 |a řídící práce  |7 ph128306  |2 czenas 
650 0 7 |a organizační chování  |7 ph115603  |2 czenas 
655 7 |a učebnice vysokých škol  |7 fd133772  |2 czenas 
830 0 |a Učební texty vysokých škol 
910 |a BOA001  |b 4-1020.826  |b TK-A-0259.504 
920 |a 000091355 
990 |a BK 
996 7 |b 2610036855  |c 4-1020.826  |l MZK  |r Sklad / do 1 hodiny  |n 84  |p p.v. ; nelze digi.  |w 000069262  |u 000010  |a 1  |e BOA001  |j MZK50  |s A 
996 7 |b 2620004920  |c TK-A-0259.504  |l MZK  |r Sklad / do 24 hodin  |n 42  |p kup  |w 000069262  |u 000020  |a 1  |e BOA001  |j MZK50  |s A 
996 7 |b 2620004921  |c TK-A-0259.504  |l MZK  |r Sklad / do 24 hodin  |n 42  |p kup  |w 000069262  |u 000030  |a 1  |e BOA001  |j MZK50  |s A